000 00930cas a22002295a 4500
001 L142363
008 080208c xxkfr w ss 0 a0eng d
035 _a(Sirsi) u142363
041 0 _aeng
050 _a333.337 $2 18
110 2 _aNAI Global
_95315
245 0 0 _aAsia Pacific Regional Overview
_h[electronic resource]
260 _a[S.l.]
_bNAI Global
_c[200-?]-
510 2 _aKnowledge Alert
_c2006-
520 _aThis publication offers a guide to NAI Global's capabilities and offices in the Asia Pacific region. It provides detailed market reports on key cities and countries across the region.
554 _aTwo per year
650 2 4 _aNAI GLOBAL ASIA PACIFIC REGIONAL OVERVIEW
651 4 _aAsia Pacific
690 _aPROPERTY-COMMERCIAL PROPERTY-COMMERCIAL PROPERTY MARKET
856 4 0 _uhttps://www.naiglobal.com /
_View the report free of charge at (may require registration) at www.naiglobal.com...
942 _n0
999 _c119164
_d119164